Normal view MARC view

Entry Personal Name

Number of records used in: 2

001 - CONTROL NUMBER

  • control field: 538041

003 - CONTROL NUMBER IDENTIFIER

  • control field: OSt

005 - DATE AND TIME OF LATEST TRANSACTION

  • control field: 20220930080103.0

008 - FIXED-LENGTH DATA ELEMENTS

  • fixed length control field: 220930|| aca||aabn | a|a d

040 ## - CATALOGING SOURCE

  • Original cataloging agency: OSt
  • Transcribing agency: OSt

100 ## - HEADING--PERSONAL NAME

  • Personal name: Isar Jasmine

670 ## - SOURCE DATA FOUND

  • Source citation: Work cat.: (OSt)869279: Isar Jasmine, Development and optimization of an anaerobic fermentative process for succinic acid production from Escherichia coli W3110 and Bacteroides fragilis, its purification and important applications, 2006
Copyright @ Delhi University Library System